Los juegos matemáticos de Eureka

Saved in:
Bibliographic Details
Main Author: Berrondo-Agrell, Marie (Author)
Format: Book
Language:Spanish
Published: Barcelona Reverté 1987
Edition:1a. ed
Subjects:
Tags: Add Tag
No Tags, Be the first to tag this record!

MARC

LEADER 00000cam a2200000 a 4500
001 UCF1803
003 CL-VaPUC
008 120727e19870000SP |||||||||||||||||spa|d
020 |a 9788429150292 
082 0 4 |a 793.74  |b BER  |2 21 
100 0 |a Berrondo-Agrell, Marie  |e author  |9 563291 
245 1 4 |a Los juegos matemáticos de Eureka 
250 |a 1a. ed 
300 |a 178 p 
942 |c BK 
945 |d 20120727 00:00:00  |a cmena 
260 |a Barcelona  |b Reverté  |c 1987 
650 7 |a JUEGOS MATEMATICOS  |2 CL-VaPUC  |9 563292 
650 0 |a Geometría   |9 264063 
650 0 |a Problemas, ejercicios, etc  |9 259377 
583 |a last modification  |c 20120727 13:37:00  |k Rodrigo Vera 
999 |c 348491  |d 348489 
952 |0 0  |1 0  |4 0  |6 793_740000000000000_BER_1987  |7 0  |8 A  |9 450529  |a BIBMAT  |b BIBMAT  |c E_DIDACT  |d 2019-11-22  |i 488311K  |o 793.74 BER 1987  |p 488311K  |r 2025-01-07  |w 2019-11-22  |y BK  |k MAT